000 01707cam a22004574i 4500
003 PE-LiUPU
005 20250731173136.0
008 150623s r 000 0 d
020 _a0664250874
035 _a(Sirsi) i9780664250874
040 _aPE-LiUPU
_bspa
_cPE-LiUPU
_erda
049 _aPRUA
082 0 4 _a253.2
_bL34
_221
100 1 _aLebacqz, Karen,
_d1945-,
_eautor.
245 1 0 _aSex in the parish /
_cKaren Lebacqz.
264 1 _aLouisville, Kentucky :
_bWestminster/John Knox Press,
_c1991.
300 _a279 páginas ;
_c20 centímetros
336 _atext
_2rdacontent
337 _aunmediated
_2rdamedia
338 _avolume
_2rdacarrier
505 0 _aThe joy of sex, in the Parish?. -Dynamics of desire. -The failure of limits. -Pastoral power. -An ethical framework. -Women in ministry: sex and sexism. -God and eros. -Single and sexual. -In the closet and out: gay and lesbian pastors. -The "bishop's" dilemma.
526 _aSEG42
526 _aSEG41
526 _aSEG40
526 _aSEG39
526 _aP94
526 _aP87
526 _aP86
526 _aP85
526 _aP77
526 _aP76
526 _aP35
650 0 4 _aPastor - Estados Unidos - Conducta sexual.
650 0 4 _aPastor
_xEtica profesional.
942 _2ddc
_cBOOK
949 _a253.2 L34
_wDEWEY
_c1
_i52241
_lCCODEBUL1
_mBUL
_p8.00
_r0
_sY
_tBOOK
_u2015-6-24
_xTEOLOGIA
_PP35
_0COMPRA
_o.STAFF. Colección General
994 _aC0
_bPEPRU
596 _a1
999 _a253.2 L34
_wDEWEY
_c34055
_i52241
_f2021-11-10
_g5
_lCCODEBUL1
_mBUL
_p8.00
_r0
_sY
_tBOOK
_u2015-6-24
_xTEOLOGIA
_PP35
_0COMPRA
_o.STAFF. Colección General
_d34055
980 _81
_gALBERTO SANCHEZ Responsable de Automatización